| 000 | 00706nam a2200205Ii 4500 | ||
|---|---|---|---|
| 003 | JO-AjNU | ||
| 008 | 230605s9999||||xx |||||||||||||| ||und|| | ||
| 040 |
_aJO-AjNU _bara _erda _cJO-AjNU |
||
| 041 | _aara | ||
| 050 | 1 | 4 | _aPS63.6.H8723 1983 |
| 100 | 3 |
_aالحصري ،ابو خلدون ساطع , _eauthor _99327 |
|
| 245 | 0 | 0 | _aدفاع عن العروبة |
| 264 | 3 | 1 | _aبيروت :مركز دراسات الوحدة العربية ،1983 |
| 300 | _a124ص | ||
| 336 |
_atext _btxt _2rdacontent |
||
| 337 |
_aunmediated _bn _2rdamedia |
||
| 338 |
_avolume _bnc _2rdacarrier |
||
| 490 | 0 | _aسلسلة التراث القومي | |
| 650 | 4 |
_aالوحدة العربية-البلاد العربية _99328 |
|
| 999 |
_aA1242 _c4810 _d4810 |
||